[Event "Star Dojran"]
[Site "Star Dojran"]
[Date "1996.??.??"]
[Round "11"]
[White "Zelcic, Robert"]
[Black "Jacimovic, Dragoljub"]
[Result "1-0"]
[WhiteElo "2495"]
[BlackElo "2435"]

1.e4 e6 2.d4 d5 3.Nc3 Bb4 4.e5 Qd7 5.Qg4 f5 6.Qh5+ Qf7 7.Qf3 b6 8.Bd2 Bxc3
9.Qxc3 Qd7 10.a4 a5 11.Bb5 c6 12.Bd3 Ba6 13.Ne2 Bxd3 14.Qxd3 Ne7 15.O-O O-O
16.Qb3 Ra6 17.Qa3 Rc8 18.Be3 Ng6 19.g3 c5 20.h4 Nc6 21.h5 Nh8 22.c3 Nf7 23.Qb3 Qb7
24.Nf4 Ng5 25.Rfd1 c4 26.Qa3 Nd8 27.b3 cxb3 28.Qxb3 Ndf7 29.Nd3 Qc6 30.Rab1 Ne4
31.Rdc1 Qc4 32.Qxc4 Rxc4 33.Nc5 Nxc5 34.dxc5 Nd8 35.cxb6 Nb7 36.Ra1 Ra8 37.Bd4 Kf7
38.Kf1 g5 39.hxg6+ hxg6 40.Ke2 Rh8 41.Kd2 Kg7 42.Rcb1 Rh3 43.Be3 Rh5 44.Rg1 g5
45.Bd4 Rh2 46.g4 f4 47.Ke2 Rh8 48.Kf3 Rh4 49.Rgc1 Rh2 50.Ke2 Rh4 51.Rg1 Rh8
52.Kd2 Rh4 53.Kc2 Rh3 54.Rh1 Rxh1 55.Rxh1 Nd8 56.Rb1 Nb7 57.Kb3 Nd8 58.Kc2 Nb7
59.Rh1 Nd8 60.Kd2 Rxa4 61.Rh5 Ra2+ 62.Kc1 a4 63.Kb1 Re2 64.Rxg5+ Kf7 65.Rh5 Kg7
66.Ka1 Re1+ 67.Ka2 Nb7 68.f3 Rf1 69.Rh2 Rxf3 70.Ka3 Rf1 71.Kxa4 Rb1 72.Rf2 Nd8
73.Ka5 Nc6+ 74.Ka6 Kf7 75.Kb7 Na5+ 76.Kc7 Ke8 77.Ra2  1-0

[Event "SUI-chT"]
[Site "SUI"]
[Date "1996.??.??"]
[Round "6"]
[White "Belotti, Bruno"]
[Black "Huss, Andreas"]
[Result "1/2-1/2"]
[WhiteElo "2400"]
[BlackElo "2365"]

1.e4 e6 2.d4 d5 3.Nc3 Bb4 4.e5 b6 5.Qg4 Bf8 6.Nh3 Qd7 7.Nf4 Ba6 8.Bxa6 Nxa6
9.O-O Nb4 10.Qe2 g6 11.a3 Nc6 12.Qd3 Nge7 13.Nfe2 Bg7 14.Bg5 h6 15.Bxe7 Nxe7  1/2-1/2

[Event "SWE-chT 9596"]
[Site "?"]
[Date "1996.??.??"]
[Round "?"]
[White "Sanden, Stefan"]
[Black "Akvist, Hakan"]
[Result "1-0"]
[WhiteElo "2330"]
[BlackElo "2290"]

1.e4 e6 2.d4 d5 3.Nc3 Bb4 4.e5 Ne7 5.Qg4 Nf5 6.Nf3 c5 7.a3 Bxc3+ 8.bxc3 Qa5
9.Bd2 c4 10.Be2 Nc6 11.Qf4 h6 12.h3 Bd7 13.g4 Nfe7 14.Qg3 Qa4 15.Bd1 O-O-O
16.Nh4 f6 17.f4 fxe5 18.dxe5 d4 19.O-O Qa5 20.Rf2 Nd5 21.Ng6 Rhe8 22.cxd4 c3
23.Be3 Qb6 24.Be2 Qb2 25.Rc1 Nxd4 26.Bd3 Bc6 27.Re1 Nxe3 28.Qxe3 Qb6 29.Kh2 Qc5
30.f5 Qd5 31.Kg3 Rd7 32.Be4 Qxe4 33.Qxe4 Bxe4 34.Rxe4 Nc6 35.Rf3 Rf7 36.Kf4 Kb8
37.Rxc3 Ne7 38.Nxe7 Rexe7 39.h4 Re8 40.Rd4 exf5 41.gxf5 Ref8 42.f6 gxf6 43.e6 Re7
44.Kf5 Rfe8 45.Rd6 Rg7 46.Rd7 Rg1 47.e7 Rgg8 48.Rcc7  1-0

[Event "Tapolca (Women)"]
[Site "Tapolca"]
[Date "1996.??.??"]
[Round "6"]
[White "Madl, Ildiko"]
[Black "Kiss, Judit"]
[Result "0-1"]
[WhiteElo "2375"]
[BlackElo "2115"]

1.e4 e6 2.d4 d5 3.Nc3 Bb4 4.e5 Ne7 5.a3 Bxc3+ 6.bxc3 c5 7.Qg4 O-O 8.Bd3 f5
9.exf6 Rxf6 10.Qh4 Nf5 11.Bxf5 exf5 12.Ne2 Qe8 13.dxc5 Bd7 14.Qd4 Nc6 15.Qd1 Qe4
16.O-O Re8 17.Nf4 d4 18.cxd4 Nxd4 19.Be3 Ne2+ 20.Qxe2 Qxf4 21.Qd2 Qc7 22.Bd4 Rg6
23.Rae1 Rd8 24.c3 Bb5 25.Qa2+ Kh8 26.Re5 Bxf1 27.Kxf1 Qc6 28.f3 Qd7 29.Qe2 h6
30.Re7 Qd5 31.Re5 Qb3 32.Rxf5 Qb1+  0-1

[Event "Tapolca (Women)"]
[Site "Tapolca"]
[Date "1996.??.??"]
[Round "10"]
[White "Kiss, Fernanda"]
[Black "Kiss, Judit"]
[Result "0-1"]
[WhiteElo "2160"]
[BlackElo "2115"]

1.e4 e6 2.d4 d5 3.Nc3 Bb4 4.e5 Ne7 5.a3 Bxc3+ 6.bxc3 c5 7.a4 Qa5 8.Bd2 Bd7
9.Nf3 h6 10.h4 Nbc6 11.Bb5 a6 12.Be2 Rc8 13.h5 Nd8 14.Rh3 c4 15.Kf1 Bxa4
16.Bc1 b5 17.Qd2 Ndc6 18.Ba3 Qd8 19.Nh4 Kd7 20.Bd6 Qg8 21.Bg4 Qh7 22.Ra2 Ra8
23.Rf3 Nd8 24.Qc1 Nec6 25.Nf5 Ke8 26.Ne3 Nb7 27.Qe1 Ra7 28.Ba3 a5 29.Nxd5 Nbd8
30.Ne3 b4 31.cxb4 Nxd4 32.Rf4 Nxc2 33.Nxc2 Bxc2 34.bxa5 Nc6 35.Bc5 Rb7 36.Bb6 Ke7
37.Bf3 Rc8 38.Kg1 Rbb8 39.Qd2 Bd3 40.Rxc4 Nxe5 41.Qb4+ Ke8 42.Be4 Rxc4 43.Qb5+ Nd7  0-1

[Event "Czerniak mem"]
[Site "Tel Aviv"]
[Date "1996.??.??"]
[Round "2"]
[White "Shmuter, Leonid"]
[Black "Bykhovsky, Avigdor"]
[Result "0-1"]
[WhiteElo "2490"]
[BlackElo "2405"]

1.e4 e6 2.d4 d5 3.Nc3 Bb4 4.e5 Ne7 5.a3 Bxc3+ 6.bxc3 b6 7.Qg4 Ng6 8.h4 h5
9.Qd1 Ba6 10.Bxa6 Nxa6 11.Bg5 Qd7 12.Ne2 Ne7 13.Nf4 g6 14.a4 Nb8 15.Bf6 Rh7
16.f3 Ng8 17.Bg5 Nc6 18.g4 Nce7 19.Qd3 Rh8 20.a5 b5 21.Rg1 a6 22.Bf6 Nxf6
23.exf6 Nc6 24.gxh5 gxh5 25.Qe2 O-O-O 26.Nd3 Rdg8 27.Kf2 e5 28.Nxe5 Qe6 29.Rg7 Qxf6
30.Rxf7 Qxh4+ 31.Ke3 Nxe5 32.dxe5 Rf8 33.Rxf8+ Rxf8 34.Rg1 Qf4+ 35.Kf2 Re8
36.e6 Qh4+ 37.Rg3 Rg8 38.Qe5 Qh2+  0-1

[Event "Tel Aviv Cup rapid"]
[Site "Tel Aviv"]
[Date "1996.??.??"]
[Round "2"]
[White "Murrey, Jacob"]
[Black "Psakhis, Lev"]
[Result "0-1"]
[WhiteElo "2495"]
[BlackElo "2610"]

1.e4 e6 2.d4 d5 3.Nc3 Bb4 4.e5 Ne7 5.Qg4 c5 6.Nf3 Nbc6 7.a3 Bxc3+ 8.bxc3 O-O
9.h4 Qa5 10.Bd2 f5 11.exf6 Rxf6 12.Qh5 c4 13.Ne5 Nxe5 14.dxe5 Rf7 15.Rh3 Bd7
16.Rf3 Raf8 17.Rxf7 Rxf7 18.f4 Rxf4 19.Qg5 Re4+ 20.Be2 Nc6 21.h5 Qd8 22.Qxd8+ Nxd8
23.Kf2 Rxe5 24.g4 Nf7 25.Be3 b6 26.a4 Ng5  0-1

[Event "Czerniak mem"]
[Site "Tel Aviv"]
[Date "1996.??.??"]
[Round "11"]
[White "Shmuter, Leonid"]
[Black "Zifroni, Dov"]
[Result "0-1"]
[WhiteElo "2490"]
[BlackElo "2455"]

1.e4 e6 2.d4 d5 3.Nc3 Bb4 4.e5 Ne7 5.a3 Bxc3+ 6.bxc3 c5 7.Qg4 Kf8 8.a4 b6
9.h4 Ba6 10.Bxa6 Nxa6 11.Ne2 Rc8 12.O-O h6 13.Ba3 Nf5 14.g3 Kg8 15.Nf4 cxd4
16.cxd4 Rxc2 17.Rfc1 Qc8 18.h5 Nb4 19.Qd1 Qc4 20.Bxb4 Rxc1 21.Rxc1 Qxb4 22.Ng6 fxg6
23.hxg6 Qf8 24.Qc2 Ne7 25.Qc7 Nxg6 26.Qxa7 Kh7 27.Rc7 Rg8 28.Qxb6 Qf5 29.Qa7 h5
30.Kg2 Qg4 31.Rf7 Nh4+  0-1

[Event "CRO-chT"]
[Site "Tucepi"]
[Date "1996.??.??"]
[Round "?"]
[White "Sax, Gyula"]
[Black "Lovric, Branko"]
[Result "1-0"]
[WhiteElo "2560"]
[BlackElo "2340"]

1.e4 e6 2.d4 d5 3.Nc3 Bb4 4.e5 b6 5.Qg4 Bf8 6.Bb5+ c6 7.Ba4 Bd7 8.Bg5 Ne7
9.Nf3 h6 10.Bd2 Nf5 11.Ne2 Na6 12.c3 Nc7 13.Nf4 g6 14.Qh3 Bg7 15.Bc2 Bc8
16.O-O Ba6 17.Rfe1 Ne7 18.Qg3 Rg8 19.h4 Qd7 20.Nh2 O-O-O 21.Ng4 Nf5 22.Qh3 h5
23.Nf6 Bxf6 24.exf6 Rde8 25.Nd3 Bxd3 26.Bxd3 Kb7 27.Bg5 Nd6 28.Qf3 a5 29.a4 Ka7
30.g3 Rb8  1-0

[Event "CRO-chT2"]
[Site "Tucepi"]
[Date "1996.??.??"]
[Round "?"]
[White "Vitic, Ivan"]
[Black "Mufic, Goran"]
[Result "1/2-1/2"]
[WhiteElo "2265"]
[BlackElo "2335"]

1.e4 e6 2.d4 d5 3.Nc3 Bb4 4.e5 b6 5.Qg4 Bf8 6.Bg5 Ne7 7.Bxe7 Qxe7 8.Nxd5 Qd7
9.Nc3 h5 10.Qe4 c6 11.O-O-O Bb4 12.Nge2 Na6 13.a3 Be7 14.g3 Nc7 15.Bg2 Nd5
16.Qd3 b5 17.Ne4 b4 18.a4 a5 19.Kb1 Ba6 20.Qd2 b3 21.cxb3 Bb4 22.Qc2 Rb8
23.Nc1 Qb7 24.Bf1 O-O 25.Bxa6 Qxa6 26.Qe2 Qxe2 27.Nxe2 Be7 28.Nc1 Rb4 29.Rd3 f5
30.exf6 gxf6 31.Nd2 Bd8 32.Re1 Kf7 33.Nc4 Bc7 34.Rd2 Re8 35.Rde2 Re7 36.Kc2 Rb8
37.Nd3 Nb4+ 38.Nxb4 Rxb4 39.Re4 f5 40.R4e2 Kf6 41.Re3 Re8 42.Rd3 Rd8 43.Ree3 Rd5
44.f4 Rd8 45.Ne5 Rbxd4 46.Rxd4 Rxd4 47.Nxc6 Re4 48.Kd2 Bb6 49.Rd3 Bf2  1/2-1/2

[Event "CRO-chT"]
[Site "Tucepi"]
[Date "1996.??.??"]
[Round "?"]
[White "Kutuzovic, Branko"]
[Black "Zaja, Ivan"]
[Result "1-0"]
[WhiteElo "2405"]
[BlackElo "2405"]

1.e4 e6 2.d4 d5 3.Nc3 Bb4 4.e5 b6 5.a3 Bf8 6.Bb5+ c6 7.Ba4 a5 8.Nce2 Ba6
9.c3 Bb5 10.Bc2 c5 11.Nf3 Nc6 12.O-O Be7 13.Re1 h5 14.h3 g6 15.g3 Nh6 16.Nf4 cxd4
17.cxd4 Qd7 18.h4 O-O-O 19.Nh3 Kb7 20.Bf4 Rc8 21.Rc1 Nf5 22.Kg2 Rhe8 23.Bg5 a4
24.Bxf5 exf5 25.Bxe7 Rxe7 26.Nf4 Nd8 27.Rxc8 Kxc8 28.Ng5 Qc6 29.Re3 Bc4 30.Qe1 Qb5
31.Qc3 Rc7 32.Qd2 Bb3 33.Rc3 Rc4 34.Qe3 Bc2 35.Rxc4+ dxc4 36.d5 Qxb2 37.e6 fxe6
38.dxe6 Nc6 39.e7 Nxe7 40.Qxe7 Qb5 41.Nf7 Qc6+ 42.Kh2 Be4 43.Nd6+ Kb8 44.Ne6 Bh1
45.f3 Bxf3 46.Qd8+ Ka7 47.Nc7 b5 48.Ncxb5+ Ka6 49.Qb8 Qc5 50.Nc7+ Ka5 51.Nxc4+  1-0

[Event "Velden op"]
[Site "Velden"]
[Date "1996.??.??"]
[Round "2"]
[White "Neulinger, Manfred"]
[Black "Gasiunas, Natalia"]
[Result "1-0"]
[WhiteElo "2365"]
[BlackElo "2205"]

1.e4 e6 2.d4 d5 3.Nc3 Bb4 4.e5 Ne7 5.Bd2 b6 6.Nf3 h6 7.Nb5 Bxd2+ 8.Qxd2 a6
9.Na3 c5 10.c3 c4 11.Nc2 Nbc6 12.g3 Rb8 13.Bg2 b5 14.O-O Qb6 15.b4 cxb3 16.axb3 a5
17.b4 Bd7 18.Ra3 O-O 19.Rfa1 Ra8 20.Nfe1 Ra7 21.Nd3 Rfa8 22.Nc5 Be8 23.Bh3 axb4
24.cxb4 Rxa3 25.Rxa3 Rxa3 26.Nxa3 Qa7 27.Nxb5 Qa1+ 28.Kg2 Nxe5 29.Nc7 Nc4
30.Qe2 Ba4 31.Bxe6 fxe6 32.Qxe6+ Kh7 33.Qxe7 Nd2 34.Qe2  1-0

[Event "Vienna op"]
[Site "Vienna"]
[Date "1996.??.??"]
[Round "6"]
[White "Palac, Mladen"]
[Black "Voekler, Bernd"]
[Result "1-0"]
[WhiteElo "2540"]
[BlackElo "2385"]

1.e4 e6 2.d4 d5 3.Nc3 Bb4 4.e5 Ne7 5.a3 Bxc3+ 6.bxc3 c5 7.Qg4 Qc7 8.Qxg7 Rg8
9.Qxh7 cxd4 10.Ne2 Nbc6 11.f4 Bd7 12.Qd3 dxc3 13.Qxc3 O-O-O 14.Rb1 d4 15.Qd3 Nf5
16.Ng3 Nh4 17.Kf2 f6 18.exf6 e5 19.Qe4 Rg4 20.Be2 Rxf4+ 21.Bxf4 exf4 22.Nh5 Ne5
23.Qxf4 Nhg6 24.Qxd4 Bb5 25.Qe4 Bxe2 26.Kxe2 Qh7 27.Ng3 Rd6 28.Rhf1 Qf7 29.Nf5 Rc6
30.Kf2 Rxf6 31.Kg1 Qc7 32.Nh4  1-0

[Event "Villa Martelli op"]
[Site "Villa Martelli"]
[Date "1996.??.??"]
[Round "6"]
[White "German, Gustavo"]
[Black "Rodriguez, Andres URU"]
[Result "1-0"]
[WhiteElo "2440"]
[BlackElo "2575"]

1.e4 e6 2.d4 d5 3.Nc3 Bb4 4.e5 Ne7 5.Bd2 b6 6.Qg4 Ng6 7.h4 h5 8.Qg5 Ba6 9.Bxa6 Nxa6
10.Nf3 Qd7 11.a3 Bxc3 12.Bxc3 c5 13.O-O Rc8 14.Rac1 Kf8 15.Rfd1 Ne7 16.dxc5 Nxc5
17.Qf4 Kg8 18.Bb4 a5 19.Bxc5 bxc5 20.c4 a4 21.Rd3 Rb8 22.cxd5 Nxd5 23.Rxc5 Rxb2
24.Ng5 Rb8 25.Rdxd5  1-0

[Event "LTU-ch"]
[Site "Vilnius"]
[Date "1996.??.??"]
[Round "6"]
[White "Piesina, Gintautas"]
[Black "Novikov, Vitalij"]
[Result "0-1"]
[WhiteElo "2400"]
[BlackElo "2250"]

1.e4 e6 2.d4 d5 3.Nc3 Bb4 4.e5 b6 5.a3 Bxc3+ 6.bxc3 Qd7 7.Qg4 f5 8.Qg3 Ba6
9.Bxa6 Nxa6 10.Bg5 Nb8 11.h4 h6 12.Be3 Nc6 13.Ne2 Qf7 14.Nf4 Nge7 15.h5 O-O-O
16.Qh3 Na5 17.f3 Nc4 18.Bf2 Rdg8 19.Bh4 g5 20.hxg6 Nxg6 21.Nxg6 Rxg6 22.Bf2 Qe7
23.Bh4 Qf8 24.a4 Rhg8 25.g3 c5 26.O-O cxd4 27.cxd4 Qb4 28.Kh1 Qc3 29.Rad1 Kb7
30.Rf2 f4 31.Rd3 Qa1+ 32.Qf1 Qxa4 33.g4 Ne3 34.Qb1 h5 35.gxh5 Rh6 36.Rh2 Rxh5
37.c4 Qxc4 38.Ra3 Nf5 39.Qa1 a5 40.Rc3 Qxd4 41.Qc1 Rg1+ 42.Qxg1 Qxc3  0-1

[Event "JUG-chT"]
[Site "Vrnjacka Banja"]
[Date "1996.??.??"]
[Round "?"]
[White "Rajevic, Gavrilo"]
[Black "Jovic, Aleksandar"]
[Result "0-1"]
[WhiteElo "2275"]
[BlackElo "2375"]

1.e4 e6 2.d4 d5 3.Nc3 Bb4 4.e5 Ne7 5.a3 Bxc3+ 6.bxc3 c5 7.Nf3 Nbc6 8.a4 Qa5
9.Bd2 Bd7 10.Be2 c4 11.O-O f6 12.exf6 gxf6 13.Nh4 O-O-O 14.f4 Rdg8 15.Bg4 Ng6
16.Nxg6 hxg6 17.Re1 Nd8 18.Qc1 Rh7 19.Qa3 Qc7 20.g3 Rgh8 21.Re2 Nf7 22.a5 Nd6
23.a6 b6 24.Rae1 Nb5 25.Qb4 f5 26.Bf3 Qd6 27.Qxd6 Nxd6 28.h4 Re8 29.Bc1 Kd8
30.Ba3 Nb5 31.Bb4 Rhh8 32.Rh2 Bc8 33.h5 gxh5 34.Bxh5 Reg8 35.Kg2 Rh7 36.Bf3 Rhg7
37.Rh3 Kd7 38.Kf2 Nc7 39.Reh1 Nxa6 40.Rh7 Nc7 41.Bf8 Rxh7 42.Rxh7+ Kc6 43.Bg7 a5
44.Bh5 Bd7 45.Bf7 Ra8 46.Ke3 Nb5 47.g4 fxg4 48.f5 Nd6 49.fxe6 Bxe6 50.Bxe6 Re8  0-1

[Event "Warsaw op (Women)"]
[Site "Warsaw"]
[Date "1996.??.??"]
[Round "7"]
[White "Semenova, Lidia K"]
[Black "Bobrowska, Monika"]
[Result "1/2-1/2"]
[WhiteElo "2305"]
[BlackElo "2305"]

1.e4 e6 2.d4 d5 3.Nc3 Bb4 4.e5 b6 5.Qg4 Bf8 6.Bb5+ c6 7.Bd3 Ba6 8.Qe2 Bxd3
9.Qxd3 Ne7 10.f4 Nf5 11.Nf3 c5 12.Ne2 Nc6 13.c3 Rc8 14.Be3 Nxe3 15.Qxe3 cxd4
16.Nexd4 Nxd4 17.Nxd4 Bc5 18.O-O O-O 19.Rf3 Bxd4 20.Qxd4 Rc4 21.Qd3 Qc7 22.Re1 Rd8
23.b3 Rc5 24.Rh3 g6 25.Qg3 Qe7 26.Qf2 Rdc8 27.Qd2 f5 28.exf6 Qxf6 29.Re5 d4
30.Qxd4 Rd8 31.Rxe6 Qxd4+ 32.cxd4 Rxd4 33.Re8+ Kf7 34.Re2 h5 35.Rf3 Kf6 36.g3 Rd1+
37.Rf1 Rxf1+ 38.Kxf1 Rc1+ 39.Kg2 Rd1 40.Kf3 Rf1+ 41.Rf2 Re1 42.Rc2 Rf1+ 43.Kg2 Rd1
44.h3 Kf5 45.Re2 Rd3 46.Re5+ Kf6  1/2-1/2

[Event "Winterthur"]
[Site "Winterthur"]
[Date "1996.??.??"]
[Round "1"]
[White "Hjartarson, Johann"]
[Black "Huss, Andreas"]
[Result "1-0"]
[WhiteElo "2565"]
[BlackElo "2365"]

1.e4 e6 2.d4 d5 3.Nc3 Bb4 4.e5 Qd7 5.Bd2 Bxc3 6.Bxc3 b6 7.a4 a5 8.Nh3 Ba6
9.Bxa6 Nxa6 10.Nf4 g6 11.b3 Ne7 12.O-O c5 13.dxc5 Nxc5 14.Bb2 Rd8 15.Qf3 O-O
16.Rfd1 Nc6 17.Qg4 d4 18.Qg3 f6 19.exf6 Rxf6 20.Nd3 Qf7 21.Ne5 Nxe5 22.Qxe5 Rf5
23.Rxd4 Rf8 24.Rf4 Rxe5 25.Rxf7 Rxf7 26.Bxe5 Rd7 27.Bf4 Na6 28.Kf1 Nb4 29.c3 Nd3
30.Rd1 e5 31.Be3 e4 32.f3 Rc7 33.c4 Nc5 34.Rd8+ Kf7 35.Rh8 Ke6 36.Rb8 Rc6
37.Bxc5 bxc5 38.Re8+ Kd6 39.Rxe4 Rb6 40.Re3 h5 41.h4 Rb7 42.Kf2 Rf7 43.Rd3+ Kc6
44.Ke3 Re7+ 45.Kf4 Re2 46.g4  1-0

[Event "Winterthur"]
[Site "Winterthur"]
[Date "1996.??.??"]
[Round "3"]
[White "Gallagher, Joseph G"]
[Black "Huss, Andreas"]
[Result "1-0"]
[WhiteElo "2530"]
[BlackElo "2365"]

1.e4 e6 2.d4 d5 3.Nc3 Bb4 4.e5 Qd7 5.Qg4 f5 6.Qg3 b6 7.Nh3 Ba6 8.Bxa6 Nxa6
9.O-O Bf8 10.Ne2 c5 11.Nhf4 c4 12.b3 Rc8 13.c3 Nc7 14.Qh3 Ne7 15.Ba3 Kf7
16.bxc4 dxc4 17.Bxe7 Bxe7 18.Rad1 Nd5 19.Nxd5 Qxd5 20.Nf4 Qe4 21.g3 g6 22.d5 Rcd8
23.Rde1 Qc2 24.Qh6 Bf8 25.dxe6+ Ke8 26.Qh3 Rd2 27.Qg2 Bc5 28.Qb7 Rf8 29.Nd5 Rxd5
30.Qxd5 Qa4 31.Rd1 Ke7  1-0

[Event "Winterthur"]
[Site "Winterthur"]
[Date "1996.??.??"]
[Round "10"]
[White "Vogt, Lothar"]
[Black "Huss, Andreas"]
[Result "1-0"]
[WhiteElo "2505"]
[BlackElo "2365"]

1.e4 e6 2.d4 d5 3.Nc3 Bb4 4.e5 b6 5.Qg4 Bf8 6.Bb5+ c6 7.Ba4 Bd7 8.Nf3 h5
9.Qf4 Ne7 10.Bd2 Nf5 11.Bb3 Be7 12.Ne2 c5 13.c4 dxc4 14.Bxc4 Bc6 15.Rd1 Qc8
16.dxc5 bxc5 17.Ng3 Nxg3 18.Qxg3 Kf8 19.Ng5 h4 20.Qh3 Rh5 21.Qg4 g6 22.Bxe6 Qb7
23.Nxf7 Bxg2 24.Qxg6 Bxh1 25.Bh6+ Rxh6 26.Qxh6+ Ke8 27.Qh8+  1-0

[Event "Winterthur-B"]
[Site "Winterthur"]
[Date "1996.??.??"]
[Round "10"]
[White "Belotti, Bruno"]
[Black "Benz, Rolf"]
[Result "1-0"]
[WhiteElo "2400"]
[BlackElo "2170"]

1.e4 e6 2.d4 d5 3.Nc3 Bb4 4.e5 Ne7 5.a3 Bxc3+ 6.bxc3 c5 7.Qg4 Qc7 8.Bd3 cxd4
9.Ne2 dxc3 10.f4 Nbc6 11.O-O Bd7 12.Qxg7 O-O-O 13.Qg3 Na5 14.Qf2 Kb8 15.Be3 Nec6
16.Bc5 Ka8 17.Nxc3 b6 18.Nb5 Qb7 19.Bd6 Rc8 20.Bb4 Nxb4 21.axb4 Bxb5 22.Bxb5 Nc4
23.Ba6 Qc6 24.Bxc8 Rxc8 25.Qd4 Qb5 26.c3 Nb2 27.Ra2 Rc4 28.Qd2  1-0

[Event "Yalta op"]
[Site "Yalta"]
[Date "1996.??.??"]
[Round "1"]
[White "Hvorostinin, Gennadi"]
[Black "Moskalenko, Viktor"]
[Result "0-1"]
[WhiteElo "2180"]
[BlackElo "2480"]

1.e4 e6 2.d4 d5 3.Nc3 Bb4 4.e5 Ne7 5.a3 Bxc3+ 6.bxc3 b6 7.Qg4 Ng6 8.h4 h5
9.Qg3 Ba6 10.Bxa6 Nxa6 11.Ne2 c5 12.Bg5 Qd7 13.O-O Nb8 14.f4 Nc6 15.f5 exf5
16.Qf3 Rc8 17.Rae1 cxd4 18.cxd4 Nd8 19.Ng3 f4 20.Nxh5 Ne6 21.Qg4 Rxc2 22.Rf3 Qa4
23.Rd3 Qc4 24.Red1  0-1

[Event "Yalta op"]
[Site "Yalta"]
[Date "1996.??.??"]
[Round "11"]
[White "Ljukin, Sergei"]
[Black "Berelovich, Aleksandar"]
[Result "0-1"]
[WhiteElo "2400"]
[BlackElo "2505"]

1.e4 e6 2.d4 d5 3.Nc3 Bb4 4.e5 Ne7 5.a3 Bxc3+ 6.bxc3 c5 7.Qg4 O-O 8.Bd3 f5
9.exf6 Rxf6 10.Bg5 Rf7 11.Qh5 g6 12.Qd1 Nbc6 13.Nf3 Qf8 14.O-O c4 15.Be2 h6
16.Bc1 Bd7 17.a4 Qg7 18.Ba3 g5 19.Rb1 b6 20.a5 bxa5 21.h4 g4 22.Ne5 Nxe5
23.dxe5 Kh8 24.Bxg4 Rg8 25.Bh3 Ng6 26.Bc1 Nxh4 27.Qh5 Nf3+ 28.Kh1 Rf5 29.Qxh6+ Qxh6
30.Bxh6 Rh5 31.Bf4 Bc6 32.Rbd1 d4 33.cxd4 Rxh3+ 34.gxh3 Nxd4+ 35.f3 Nxf3
36.Rf2 a4 37.c3 a3 38.Ra1 a5 39.Rfa2 Nd2+ 40.Kh2 Rg2+ 41.Kh1 Rf2+  0-1

[Event "Yerevan ol (Men)"]
[Site "Yerevan"]
[Date "1996.??.??"]
[Round "4"]
[White "Situru, Nathanael"]
[Black "Vaganian, Rafael A"]
[Result "0-1"]
[WhiteElo "2385"]
[BlackElo "2595"]

1.e4 e6 2.d4 d5 3.Nc3 Bb4 4.e5 b6 5.Qg4 Bf8 6.Bb5+ c6 7.Ba4 Ne7 8.Nf3 a5
9.a3 Ba6 10.Bg5 h6 11.Bd2 Nf5 12.Bb3 g6 13.h4 h5 14.Qf4 Bh6 15.Ng5 Nd7 16.Nd1 f6
17.exf6 Qxf6 18.c3 e5 19.dxe5 Nxe5 20.Bc2 Bd3 21.Bb3 a4 22.Bxa4 O-O 23.Bb3 Rae8
24.Be3 Nxe3 25.fxe3 Qxf4 26.exf4 Nc4+ 27.Kf2 Bxg5 28.hxg5 Rxf4+ 29.Kg3 Rg4+
30.Kh3 Nd2 31.Ba2 Re2  0-1

[Event "Yerevan ol (Men)"]
[Site "Yerevan"]
[Date "1996.??.??"]
[Round "13"]
[White "Mamouri, Mehde"]
[Black "Olcayoz, Alper"]
[Result "1-0"]
[WhiteElo "2210"]
[BlackElo "2230"]

1.e4 e6 2.d4 d5 3.Nc3 Bb4 4.e5 Qd7 5.Bd2 b6 6.Qg4 Bf8 7.Bd3 Ba6 8.Qg3 Bxd3
9.Qxd3 Nc6 10.Nce2 Nge7 11.Nf3 h5 12.Nh4 Nd8 13.O-O Ng8 14.Kh1 Nh6 15.Bg5 Be7
16.Qg3 Ng4 17.Bxe7 Qxe7 18.h3 g6 19.Nf3 Nh6 20.Qf4 Nf5 21.Ng3 Qb4 22.Qc1 Qe7
23.c4 c6 24.b3 Qd7 25.Qf4 h4 26.Ne2 Qe7 27.Rac1 Qf8 28.Qd2 Qh6 29.Qc3 g5
30.Nh2 Qg6 31.Ng4 Nh6 32.Nf6+ Kf8 33.f4 g4 34.cxd5 exd5 35.f5 Nxf5 36.Nxg4 Rc8
37.Qf3 Ne7 38.Nf4 Qf5 39.Nf6 Ng8 40.N4xd5 Qxf3 41.Rxf3 Ne6 42.Nxg8 Rxg8 43.Nf6 Nxd4
44.Rd3 Ne2 45.Rc4 Rg3 46.Rd7 Rg5 47.Rxh4 Kg7 48.Rh7+ Kg6 49.Rdxf7 Kf5 50.Ng4+ Ke4
51.Rxa7 Rd8 52.Rad7 Ra8 53.Rd2 Ng3+ 54.Kg1 Rf5 55.e6 Rc5 56.Rd1 Kf5 57.e7 Rd5
58.Ne3+ Kg6 59.Nxd5 cxd5 60.Rxd5 Re8 61.Rd8  1-0

[Event "Yerevan ol (Women)"]
[Site "Yerevan"]
[Date "1996.??.??"]
[Round "14"]
[White "Meijere, Agnese"]
[Black "Fomina, Tatyana"]
[Result "0-1"]
[WhiteElo "2210"]
[BlackElo "2250"]

1.e4 e6 2.d4 d5 3.Nc3 Bb4 4.e5 b6 5.Qg4 g6 6.Nf3 Ba6 7.Bxa6 Nxa6 8.O-O Qd7
9.Ne2 O-O-O 10.c3 Bf8 11.a4 Ne7 12.Qf4 Nf5 13.Qd2 Bg7 14.b4 f6 15.Qd3 Nb8
16.Bf4 Rhg8 17.exf6 Bxf6 18.Be5 Be7 19.b5 g5 20.Rfc1 g4 21.Ne1 Bd6 22.a5 Kb7
23.axb6 cxb6 24.c4 Bxe5 25.c5 bxc5 26.dxc5 Kc8 27.Rab1 Rg7 28.Qa3 Qb7 29.Nd3 Bd4
30.Ndf4 Re8 31.Qd3 Bxc5 32.Rxc5+ Rc7 33.Rxc7+ Kxc7 34.Nd4 Nxd4 35.Qxd4 Nd7
36.Qg7 Kb8 37.Qxg4 e5 38.Nd3 Ka8 39.h3 e4 40.Qe2 d4 41.Nb4 Ne5 42.Na6 d3
43.Qh5 Re7 44.Qg5 Nf3+ 45.gxf3 Rg7 46.h4 h6 47.Qg4 exf3 48.Qg3 Rxg3+ 49.fxg3 Qe4  0-1

[Event "Zaragoza op"]
[Site "Zaragoza"]
[Date "1996.??.??"]
[Round "9"]
[White "Knezevic, Bojan"]
[Black "Huss, Andreas"]
[Result "1-0"]
[WhiteElo "2380"]
[BlackElo "2380"]

1.e4 e6 2.d4 d5 3.Nc3 Bb4 4.e5 Qd7 5.a3 Bxc3+ 6.bxc3 b6 7.a4 Ba6 8.Bxa6 Nxa6
9.Ne2 Nb8 10.Nf4 Nc6 11.h4 O-O-O 12.a5 Nxa5 13.Qg4 f5 14.Qg3 Nc4 15.Rxa7 Kb8
16.Ra1 Kb7 17.Ke2 Qf7 18.h5 Ne7 19.h6 g6 20.Qg5 Nc6 21.Kd1 Rhf8 22.Re1 Qd7
23.Ke2 Ra8 24.Be3 Rxa1 25.Rxa1 Na7 26.Bc1 Nb5 27.Kd3 Qc6 28.Ne2 Qd7 29.Nf4 Rf7
30.Rb1 Qc6 31.Nxe6 Nxe5+ 32.dxe5 Qxc3+ 33.Ke2 Qxc2+ 34.Qd2 Qxb1 35.Nd8+ Kc8
36.Nxf7 Qe4+ 37.Kf1 Qc4+ 38.Kg1 Nc3 39.Bb2 Ne2+ 40.Kf1 Nf4+  1-0

[Event "Zlin op"]
[Site "Zlin"]
[Date "1996.??.??"]
[Round "?"]
[White "Sleich, Jan"]
[Black "Masternak, Grzegorz"]
[Result "1/2-1/2"]
[WhiteElo "2200"]
[BlackElo "2395"]

1.e4 e6 2.d4 d5 3.Nc3 Bb4 4.e5 Ne7 5.Qg4 c5 6.a3 Bxc3+ 7.bxc3 Kf8 8.Nf3 Qa5
9.Bd2 Qa4 10.Ra2 b6 11.Bd3 Ba6 12.O-O Bxd3 13.cxd3 Nbc6 14.c4 Qb3 15.Raa1 cxd4
16.Nxd4 Qxd3 17.Nxc6 Nxc6 18.cxd5 Qxd5 19.Rfd1 Re8 20.Bb4+ Nxb4 21.Rxd5 Nxd5
22.Rc1 g6 23.Qa4 Kg7 24.g3 a5 25.Rc6 Rc8 26.Kg2 h5  1/2-1/2

[Event "RUS-Cup4"]
[Site "Perm"]
[Date "1997.02.08"]
[Round "1"]
[White "Sergeeva, Maria"]
[Black "Temirbaev, Serik"]
[Result "0-1"]
[WhiteElo "2165"]
[BlackElo "2495"]

1.e4 e6 2.d4 d5 3.Nc3 Bb4 4.e5 b6 5.Qg4 Bf8 6.Bg5 Qd7 7.Bd3 Ba6 8.Bxa6 Nxa6
9.a3 c5 10.Nge2 Ne7 11.Bxe7 Qxe7 12.f4 Qd7 13.f5 exf5 14.Qf3 Nc7 15.Nf4 O-O-O
16.dxc5 bxc5 17.Nfxd5 Ne6 18.Nb6+ axb6 19.Qa8+ Kc7 20.Qa7+ Kc6 21.Qa4+ Kb7  0-1

[Event "RUS-Cup4"]
[Site "Perm"]
[Date "1997.02.14"]
[Round "7"]
[White "Sergeeva, Maria"]
[Black "Kalichkin, Igor"]
[Result "0-1"]
[WhiteElo "2165"]
[BlackElo "2425"]

1.e4 e6 2.d4 d5 3.Nc3 Bb4 4.e5 b6 5.Qg4 Bf8 6.Bg5 Qd7 7.h4 h5 8.Qd1 a6 9.Nf3 c5
10.Be2 Nh6 11.O-O Nf5 12.Re1 Nc6 13.Bd3 Ncxd4 14.Nxd4 Nxd4 15.f4 c4 16.Be2 Bc5
17.Kh2 Nxe2 18.Qxe2 Bb7 19.Rad1 Qc6 20.Qf3 g6 21.Bf6 Rh7 22.f5 gxf5 23.Nxd5 exd5
24.Qxf5 d4 25.Rd2 Rh6 26.e6 Bc8 27.Rde2 Ra7 28.Qg5 Rg6 29.Qxh5 Rxf6 30.Qh8+ Ke7
31.exf7+ Kd7 32.Qe8+ Kc7 33.Re7+ Bxe7 34.Rxe7+ Bd7 35.f8=Q Qd6+  0-1

[Event "Najdorf"]
[Site "Buenos Aires"]
[Date "1997.05.19"]
[Round "1"]
[White "Sutovskij, Emil"]
[Black "Panno, Oscar"]
[Result "1-0"]
[WhiteElo "2560"]
[BlackElo "2465"]

1.e4 e6 2.d4 d5 3.Nc3 Bb4 4.e5 Ne7 5.a3 Bxc3+ 6.bxc3 c5 7.Qg4 Kf8 8.Bd2 Qc7
9.Rc1 Nbc6 10.Bd3 Qa5 11.h4 c4 12.Be2 Qxa3 13.h5 h6 14.Rh3 b5 15.Rf3 Qb2
16.Nh3 a5 17.Nf4 Kg8 18.Nd3 cxd3 19.Bxd3 Nf5 20.Qf4 Ra7 21.g4 Nfxd4 22.Rg3 Re7
23.g5 Nf5 24.Bxf5 exf5 25.gxh6 Re6 26.Rxg7+ Kf8 27.Qg5 Nxe5 28.Qd8+ Re8 29.Qd6+ Re7
30.Kd1 Ng4 31.Rxg4 fxg4 32.Bg5  1-0

[Event "Leon"]
[Site "Leon"]
[Date "1997.06.05"]
[Round "1"]
[White "Mellado Trivino, Juan"]
[Black "Del Rio de Angeles, Gabriel"]
[Result "1/2-1/2"]
[WhiteElo "2430"]
[BlackElo "2400"]

1.e4 e6 2.d4 d5 3.Nc3 Bb4 4.e5 Ne7 5.Bd2 c5 6.a3 Bxc3 7.Bxc3 Nbc6 8.Nf3 cxd4
9.Nxd4 Nxe5 10.Nxe6 Bxe6 11.Bxe5 O-O 12.Bd3 Nc6 13.Bg3 Qf6 14.O-O Bf5 15.b4 Rfe8
16.Qd2 Re6 17.Rad1 Ne7 18.Rfe1 Rc8 19.Re3 Qh6 20.c4 d4 21.Rxe6 Qxd2 22.Rxd2 fxe6
23.c5 Bxd3 24.Rxd3 b6 25.Rxd4 bxc5 26.Rc4 cxb4 27.Rxc8+ Nxc8 28.axb4 Ne7
29.Kf1 Nc6 30.Bd6 Kf7 31.Bc5 e5 32.b5 Nd4 33.Bxa7 Nxb5  1/2-1/2

[Event "Leon"]
[Site "Leon"]
[Date "1997.06.09"]
[Round "5"]
[White "Sion Castro, Marcelino"]
[Black "Del Rio de Angeles, Gabriel"]
[Result "1/2-1/2"]
[WhiteElo "2440"]
[BlackElo "2400"]

1.e4 e6 2.d4 d5 3.Nc3 Bb4 4.e5 Ne7 5.a3 Bxc3+ 6.bxc3 c5 7.Qg4 O-O 8.Bd3 f5
9.exf6 Rxf6 10.Bg5 e5 11.Qh4 e4 12.Bxf6 gxf6 13.Qxf6 exd3 14.Qg5+ Kh8 15.Qf6+ Kg8
16.Qg5+ Kh8 17.Qf6+  1/2-1/2